000 00496nam a2200181Ia 4500
001 20176
005 20260306172747.0
008 260306t2018||||xx |||||||||||||| ||spa||
041 _aESP
082 _a342.812
_bH22
100 _aHartley, Trevor C.
_eAUT
245 0 _aInternational commercial litigation:
_btext, cases and materials on private international law
260 _c2018
300 _axxix, 894 páginas :
_c25 cm.
650 _aGEN
654 _aCDE
942 _cLIB
_dJUS
_fJUS
_2ddc
_n
999 _c20176
_d20176